| 000 | 01255nam a2200337 i 4500 | ||
|---|---|---|---|
| 001 | 000008941 | ||
| 003 | DO-SdBNP | ||
| 005 | 20240912174840.0 | ||
| 007 | ta | ||
| 008 | 090921s1994 dr c r 000 0 spa d | ||
| 040 |
_aDO-SdBNP _bspa _cBNPHU _erda |
||
| 082 | 4 |
_aRD868.44 _bN789o _222 |
|
| 100 | 1 |
_aNolasco, Sócrates, _d1884-1980 _922323 |
|
| 245 | 1 | 0 |
_aObras completas / _cSócrates Nolasco ; estudio preliminar Carlos Esteban Deive ; edición Andrés Blanco Díaz. |
| 264 |
_aSanto Domingo : _bCorripio, _c1994. |
||
| 300 |
_a3 v. : _bretrato; _c24 cm. |
||
| 336 |
_2rdacontent _atexto _btxt |
||
| 337 |
_2rdamedia _asin mediación _bn |
||
| 338 |
_2rdacarrier _avolumen _bnc |
||
| 490 | 0 |
_aBibliotecas clásicos dominicanos _v18, 19, 20 |
|
| 500 | _aIncluye referencias bibliográficas y notas al pie de las páginas | ||
| 505 | 0 |
_gv. 1. _tCuentos -- _gv. 2. _tEnsayos históricos -- _gv. 3. _tEnsayos literarios. |
|
| 590 | _aInventariado, 2019/BT | ||
| 600 | 1 | 0 |
_aNolasco, Sócrates, _d1884-1980 _922323 |
| 650 | 0 |
_aCuentos dominicanos _9176 |
|
| 650 | 0 |
_aEnsayos dominicanos _965 |
|
| 650 | 0 |
_aLiteratura dominicana. _967 |
|
| 700 | 1 |
_aBlanco Díaz, Andrés _eedición _9172 |
|
| 910 | _aValidado. Control de calidad. MMOLINA | ||
| 942 |
_2ddc _cLBS1 |
||
| 999 |
_c8707 _d8707 |
||